Southville International School and Colleges
Your cart is empty.
  • Cart
  • Lists
    Public lists list_1 View all
    Your lists Log in to create your own lists
  • Log in to your account
  • Your cookies
  • Search history
Southville International School and Colleges
  • Advanced search
  • Recent comments
  • Most popular
  • Libraries

Log in to your account

Log in with GOOGLE


If you do not have an external account, but do have a local account, you can still log in:

  1. Home
  2. MARC view: Initial consonants (Grades PreK-2) /
Normal view MARC view ISBD view

Initial consonants (Grades PreK-2) / (Record no. 112553)

[ view plain ]
MARC details
000 -LEADER
fixed length control field 00588nam a2200193 a 4500
001 - CONTROL NUMBER
control field 3577
005 - DATE AND TIME OF LATEST TRANSACTION
control field 20140414131939.0
008 - FIXED-LENGTH DATA ELEMENTS--GENERAL INFORMATION
fixed length control field 040601s19uu xx 00 eng d
020 ## - INTERNATIONAL STANDARD BOOK NUMBER
International Standard Book Number 0-439-08678-7
050 ## - LIBRARY OF CONGRESS CALL NUMBER
Classification number TR 414
Item number Sp1 1999
100 ## - MAIN ENTRY--PERSONAL NAME
Personal name Spann, Mary Beth
245 ## - TITLE STATEMENT
Title Initial consonants (Grades PreK-2) /
Statement of responsibility, etc by Mary Beth Spann.
260 ## - PUBLICATION, DISTRIBUTION, ETC. (IMPRINT)
Place of publication, distribution, etc New York :
Name of publisher, distributor, etc Scholastic,
Date of publication, distribution, etc 1999.
300 ## - PHYSICAL DESCRIPTION
Extent 47 p. : ill. ; cm.
440 ## - SERIES STATEMENT/ADDED ENTRY--TITLE
Title Reading Success Mini-Books
520 ## - SUMMARY, ETC.
Summary, etc 20 interactive mini-books that help every child get.
650 ## - SUBJECT ADDED ENTRY--TOPICAL TERM
Topical term or geographic name as entry element Reading
General subdivision Juvenile literature.
Holdings
Withdrawn status Lost status Damaged status Home library Current library Shelving location Date acquired Source of acquisition Cost, normal purchase price Total Checkouts Full call number Barcode Date last seen Price effective from Koha item type
      Munich Library Munich Library Teachers Reference Section 06/01/2004   499.00   TR 414 Sp1 1999 M3891 04/14/2014 04/14/2014 Books

Initial consonants (Grades PreK-2) /

APA

Spann M. B., . (1999). Initial consonants (Grades PreK-2). New York: Scholastic.

Chicago

Spann Mary Beth, . 1999. Initial consonants (Grades PreK-2). New York: Scholastic.

Harvard

Spann M. B., . (1999). Initial consonants (Grades PreK-2). New York: Scholastic.

MLA

Spann Mary Beth, . Initial consonants (Grades PreK-2). New York: Scholastic. 1999.

  • Place hold
  • Print
  • Cite
  • Add to your cart (remove)
  • Save record
    BIBTEX Dublin Core MARCXML MARC (non-Unicode/MARC-8) MARC (Unicode/UTF-8) MARC (Unicode/UTF-8, Standard) MODS (XML) RIS
  • More searches
    Search for this title in:
    Other Libraries (WorldCat) Other Databases (Google Scholar) Online Stores (Bookfinder.com) Open Library (openlibrary.org)

Exporting to Dublin Core...

SOUTHVILLE LIBRARY

Southville International School and Colleges Library

1281 Tropical Ave. Cor. Luxembourg St., BF Homes International, Las Pinas City

Tel. No. 8256374 / 252358 Loc. 117/146

Powered by Koha